Soil mechanics Part-1,2 / (Record no. 10405)
[ view plain ]
| 000 -LEADER | |
|---|---|
| fixed length control field | 00434cam a2200169ua 4500 |
| 041 ## - LANGUAGE CODE | |
| Language code of text/sound track or separate title | eng |
| 082 ## - DEWEY DECIMAL CLASSIFICATION NUMBER | |
| Classification number | 624.15136 |
| Item number | JUM/SO |
| 100 ## - MAIN ENTRY--AUTHOR NAME | |
| Personal name | Jumikis, Alfreds R . |
| 245 ## - TITLE STATEMENT | |
| Title | Soil mechanics Part-1,2 / |
| 260 ## - PUBLICATION, DISTRIBUTION, ETC. (IMPRINT) | |
| Place of publication | Toronto : |
| Name of publisher | D Van nostrand co , |
| Year of publication | 1965. |
| 300 ## - PHYSICAL DESCRIPTION | |
| Number of Pages | 791 ; . |
| 942 ## - ADDED ENTRY ELEMENTS (KOHA) | |
| Koha item type | Books |
| Withdrawn status | Lost status | Damaged status | Home library | Current library | Date acquired | Full call number | Accession Number | Koha item type |
|---|---|---|---|---|---|---|---|---|
| Withdrawn | KAUAET | KAUAET | 07/04/2012 | 624.15136 | 12177 | Books |
